• 首页
  • 本馆介绍
  • 公告通知
  • 最新文献
  • 馆藏检索
  • 电子资源
  • 读者导购
  • 参考咨询
  • 我的图书馆
  • 登录
  • 详细信息显示
  • 放入我的书架
  • 预约/预借图书
  • 作者相关作品
  • 分类相关作品
  • 丛书相关作品
  • 出版社相关作品

书目信息

  • 表格格式
  • 工作单格式
  • 卡片格式
题名:
党员修养之友
    
 
作者: ;解放军报编辑部 编
分册:  
出版信息: 北京   长征出版社  1983
页数: 197页
开本: 19cm
丛书名:
单 册:
中图分类: D261 , D263
科图分类:
主题词: 党员-中国共产党-修养 , 修养-党员-中国共产党 , 中国共产党
电子资源:
ISBN:
000 00779nam0 2200277 45
001 0183005872
005 20060722093141.31
010    @dCNY0.58
091    @a3268.011
100    @a19950705d1983 em y0chiy0121 ea
101 0  @achi
102    @aCN@b110000
105    @ay z 000yy
200 10 @a党员修养之友@Adang yuan xiu yang zhi you@f解放军报编辑部编
210    @a北京@c长征出版社@d1983
215    @a197页@d19cm
601 02 @a中国共产党@x党员@x修养
606    @a党员-中国共产党-修养
606    @a修养-党员-中国共产党
606 0  @a中国共产党
690    @aD261
690    @aD263@v3
711 02 @a解放军报编辑部@Ajie fang jun bao bian ji bu@4编
801  2 @aCN@bNLC@c20060722
801  0 @aCN@b上海图书馆@c20040424
905    @f2@b100466-467@f3@b259457-459@dD261@e11
    
    党员修养之友/解放军报编辑部编.-北京:长征出版社,1983
    197页;19cm
    
    
    ISBN :CNY0.58
    
●
相关链接 在E读中查询图书 在五车中查询图书 在当当中查询图书 在豆瓣中查询图书


正题名:党员修养之友     索取号:D261/11         预约/预借

序号 登录号 条形码 馆藏地/架位号 状态 备注
1 0100466   000096121   第一样本阅览室/ [索取号:D261/11] 在馆    
2 0100467   000096087   密集书库/ [索取号:D261/11] 在馆    
3 0100468   001709850   密集书库/ [索取号:D261/11] 在馆    
4 0259457   000096096   密集书库/ [索取号:D261/11] 在馆    
5 0259458   000096103   密集书库/ [索取号:D261/11] 在馆    
6 0259459   000096112   密集书库/ [索取号:D261/11] 在馆    
7 0425541   204255411   密集书库/ [索取号:D261/11] 在馆    
8 0425542   204255420   密集书库/ [索取号:D261/11] 在馆    
唐山师范学院图书馆 欢迎您!
大连网信软件有限公司© 版权所有